Science Quiz

Random Science Quiz

Measurement Conversion Quiz Stats

Quiz not verified by Sporcle

Also try: Element by Symbol
Challenge
Share
Tweet
Embed
Score 0/20 Timer 02:00
0 Plays Today
Answer % Correct
12
88.4%
365
70.5%
60
69.9%
4
68.8%
24
68.8%
60
68.8%
5280
62.4%
36
59.5%
1760
58.4%
16
58.4%
Answer % Correct
2
54.9%
2000
53.8%
2
52%
8
46.8%
.001
41.6%
1000
39.3%
10
35.8%
.01
34.7%
100
31.2%
.1
28.9%

You're not logged in!

Compare scores with friends on all Sporcle quizzes.
Join for Free
OR
Log In

You Might Also Like...

Show Comments

Extras

Top Quizzes Today


Score Distribution

Your Account Isn't Verified!

In order to create a playlist on Sporcle, you need to verify the email address you used during registration. Go to your Sporcle Settings to finish the process.

Report this User

Report this user for behavior that violates our Community Guidelines.

Details: